000 00828nam a2200325Ia 4500
008 171120s9999 xx 000 0 und d
020 _a753405113
050 _a722.2
050 _bS814 1993
100 _aSteele, Philip
245 _aI wonder why pyramids are built :
245 _band other questions about ancient /
245 _cby Philip Steele.
260 _aLondon :
260 _bKingfisher,
260 _c1993
300 _a32 pages :
300 _bcolor illustrations ;
300 _c29cm.
440 _aI wonder why.
650 _aEgypt --
650 _aEgypt --
650 _aMumie.
650 _aReligion --
650 _xCivilization -- To 332 B. C. -- Juvenile literature.
650 _xPyramide.
650 _xSocial life and customs.
700 _aSeries.
700 _aTitle.
999 _c344966
_d344966